First Pokémon by Type Combination: Grass - Statistics

General Stats
  • This quiz has been taken 55 times
    25 since last reset
  • The average score is 16 of 18
Answer Stats
Type combination Pokédex # Pokémon Region % Correct
Grass / Poison 0001 Bulbasaur Kanto
100%
Grass / Water 0270 Lotad Hoenn
100%
Grass / Electric 0100 Voltorb Hisui
100%
Grass / Fighting 0286 Breloom Hoenn
95%
Grass / Steel 0597 Ferroseed Unova
95%
Grass / Bug 0046 Paras Kanto
95%
Grass / Ice 0459 Snover Sinnoh
95%
Grass / Psychic 0102 Exeggcute Kanto
90%
Grass / Flying 0187 Hoppip Johto
90%
Grass / Fire 0952 Scovillain Paldea
90%
Grass / Ground 0389 Torterra Sinnoh
90%
Grass / Rock 0345 Lileep Hoenn
85%
Grass / Dark 0274 Nuzleaf Hoenn
85%
Grass / Ghost 0708 Phantump Kalos
85%
Pure Grass 0114 Tangela Kanto
85%
Grass / Fairy 0546 Cottonee Unova
80%
Grass / Normal 0585 Deerling Unova
80%
Grass / Dragon 0103 Exeggutor Alola
80%
No matching quizzes found
Score Distribution
Percent of People with Each Score
Percentile by Number Answered
Your Score History
You have not taken this quiz since the last reset